=LDR 00000nam 2200000 4500 =001 INLIS000000000035015 =990 ##$$a 21007153 =005 20210210092035 =990 ##$$a 21400613/BPAP-NTB/20142014 =035 ##$$a 0010-061300000035015 =990 ##$$a 21007150 =008 210210################g##########0#ind## =041 ##$$a Ind =082 ##$$a 370.026 =090 ##$$a 370.026, Tre t =100 #$$a Trianto =245 1#$$a Tinjauan yuridis hak serta kewajiban pendidik menurut UU guru dan dosen /$c Trianto, S.Pd =260 ##$$a Jakarta :$b Prestasi Pustaka Publisher,$c 2006 =300 ##$$a 249 hlm ; $c 21x14 cm =650 #4$$a Pendidikan =850 ##$$a NBPNMAT =020 ##$$a 979-24-1091-0 =084 ##$$a 370.026 Tri t =250 ##$$a cet.1 =990 ##$$a 21007153 =990 ##$$a 21400613/BPAP-NTB/20142014 =990 ##$$a 21007150